000 00827nam a2200265 i 4500
001 C2-0247686
003 PPAK
005 20180727212219.0
008 030329s2000 at a|||| ||||| | eng d
020 _a1740700163
040 _aPPAK
_beng
_cPPAK
_erda
082 0 4 _a573.87
_223
090 0 0 _a573.87
_bPYE
_dRK
100 1 _aPyers, Greg,
_eauthor
245 1 0 _aAnimal sensors
264 1 _aAustralia :
_bHeinemann Library ,
_c2000
300 _a24 pages :
_bcolour illustrations ;
_c23 cm
336 _2rdacontent
_atext
337 _2rdamedia
_aunmediated
338 _2rdacarrier
_avolume
490 1 _aOz library collections
650 1 0 _aSenses and sensation - Juvenile literature. ; Instinct - Juvenile literature. ; Animal behaviour - Juvenile literature.
830 0 _aOz library collections
942 _ddc
_cB
999 _c61528
_d61528